Riadiaci systém ohrevu vody v bazénoch

Enregistré dans:
Détails bibliographiques
Auteur principal: Končál, Lukáš (Auteur)
Autres auteurs: Dúbravský, Jozef (Directeur de thèse)
Format: Manuscrit Livre
Langue:slovaque
anglais
Publié: 2019
Sujets:
Accès en ligne:http://is.stuba.sk/zp/portal_zp.pl?podrobnosti=135077
Tags: Ajouter un tag
Pas de tags, Soyez le premier à ajouter un tag!

MARC

LEADER 00000ntm a22000003a 4500
001 stuzp71506
003 SK-STU
005 20190718141900.3
007 ta
008 150427s2015----xo-----f-mn---000-0-slo-d
040 |a STU  |b slo 
041 0 |a eng 
044 |a xo 
100 1 |a Končál, Lukáš  |u 031000  |4 aut  |U FEI Fakulta elektrotechniky a informatiky  |T FEI Ústav robotiky a kybernetiky  |X 86119  |U E011  |Y 356  |7 86119 
242 0 1 |a Riadiaci systém ohrevu vody v bazénoch  |y slo 
245 1 0 |a Riadiaci systém ohrevu vody v bazénoch 
260 |c 2019 
300 |a 59 s.,  |b CD-ROM 
650 4 |a Arduino  |2 slo 
650 4 |a Bazén  |2 slo 
650 4 |a Ohrev vody  |2 slo 
650 4 |a Arduino  |2 eng 
650 4 |a Water heating  |2 eng 
650 4 |a Pool  |2 eng 
700 1 |a Dúbravský, Jozef  |u 031000  |k Z1  |4 ths  |U FEI Fakulta elektrotechniky a informatiky  |T FEI Ústav robotiky a kybernetiky  |X 4934  |U E011  |Y 356  |7 A000004934 
856 4 |u http://is.stuba.sk/zp/portal_zp.pl?podrobnosti=135077 
996 |b 284ER02873  |c E*Bc- 2873  |l EE31  |s P  |a 0  |w stuzp71506_0001